study on the antibody persistant angaint gomboro disease of local-chicken at sva yrieng district in sva yrieng province by using hi-test in labora tory of royal university of angriculture សិក្សារពីកម្រិតអង់ទីគ័រនៃជំងឺហ្គុំបូរ៉ូ របស់មាន់ស្រុកនៅក្នុងស្វាយរៀង ខេត្តស្វាយរៀងតាមរយៈHI-Tesនៅមន្ទីពិសោធន័សាកលវិទ្យាល័យភូមិន្ទកសិកម្ម (Record no. 18568)
[ view plain ]
| 000 -LEADER | |
|---|---|
| fixed length control field | 00970nam a22001577a 4500 |
| 003 - CONTROL NUMBER IDENTIFIER | |
| control field | LRUA |
| 005 - DATE AND TIME OF LATEST TRANSACTION | |
| control field | 20191223141924.0 |
| 008 - FIXED-LENGTH DATA ELEMENTS--GENERAL INFORMATION | |
| fixed length control field | 191223b xxu||||| |||| 00| 0 eng d |
| 040 ## - CATALOGING SOURCE | |
| Transcribing agency | RUA |
| 082 ## - DEWEY DECIMAL CLASSIFICATION NUMBER | |
| Classification number | VEM ROA 2017 B654 Or.1 |
| 100 ## - MAIN ENTRY--PERSONAL NAME | |
| 9 (RLIN) | 14078 |
| Personal name | ROATH SONA រ័ត្ន សុណា |
| 245 ## - TITLE STATEMENT | |
| Title | study on the antibody persistant angaint gomboro disease of local-chicken at sva yrieng district in sva yrieng province by using hi-test in labora tory of royal university of angriculture សិក្សារពីកម្រិតអង់ទីគ័រនៃជំងឺហ្គុំបូរ៉ូ របស់មាន់ស្រុកនៅក្នុងស្វាយរៀង ខេត្តស្វាយរៀងតាមរយៈHI-Tesនៅមន្ទីពិសោធន័សាកលវិទ្យាល័យភូមិន្ទកសិកម្ម |
| 260 ## - PUBLICATION, DISTRIBUTION, ETC. (IMPRINT) | |
| Place of publication, distribution, etc. | RUA |
| Name of publisher, distributor, etc. | Phnom penh |
| Date of publication, distribution, etc. | 2017 |
| 300 ## - PHYSICAL DESCRIPTION | |
| Extent | x;39p |
| Other physical details | ill; |
| Dimensions | 29cm |
| 942 ## - ADDED ENTRY ELEMENTS (KOHA) | |
| Source of classification or shelving scheme | |
| Koha item type | AVM |
| Price effective from | Date last seen | Permanent Location | Not for loan | Date acquired | Source of classification or shelving scheme | Koha item type | Lost status | Withdrawn status | Date last checked out | Total Checkouts | Shelving location | Damaged status | Barcode | Current Location | Full call number |
|---|---|---|---|---|---|---|---|---|---|---|---|---|---|---|---|
| 2019-12-23 | 2019-12-23 | Library Block B | 2019-12-23 | AVM | B654 | A42305 | Library Block B | VEM ROA 2017 B654 Or.1 | |||||||
| 2019-12-23 | 2022-10-26 | Library Block B | 2019-12-23 | AVM | 2022-10-12 | 1 | B654 | A42295 | Library Block B | VEM ROA 2017 B654 Or.2 | |||||
| 2019-12-23 | 2019-12-23 | Library Block B | 2019-12-23 | AVM | B654 | A42285 | Library Block B | VEM ROA 2017 B654 Or.3 | |||||||
| 2019-12-23 | 2019-12-23 | Library Block B | 2019-12-23 | AVM | B654 | A43032 | Library Block B | VEM ROA 2017 B654 Or.4 | |||||||
| 2019-12-23 | 2019-12-23 | Library Block B | 2019-12-23 | AVM | B654 | A42315 | Library Block B | VEM ROA 2017 B654 Or.5 | |||||||
| 2019-12-23 | 2019-12-23 | Library Block B | 2019-12-23 | AVM | B654 | A42300 | Library Block B | VEM ROA 2017 B654 Or.6 |